00493nam a2200145Ia 4500008004100000041000800041082001500049100001900064245004400083260004200127300003100169365000900200999001500209952012300224240624s9999 xx 000 0 und d aeng a658.72 DYE aDYER JEFFREY H aCOLLABORATIVE ADVANTAGE WINNING THROUGH c2000aOxfordbOxford University press axii, : 209 : p. : cm. ; 23 cb35 c7518d7518 00104070aIMTNbIMTNcRack 33-Bd2007-11-30eBUg27.50o658.72 DYEp7518r2024-06-24 00:00:00t39.35w2024-06-24yBK